L'oeuvre mathématique de C. F. Gauss /

Guardado en:
Autor Principal: Dieudonné, Jean Alexandre, 1906-
Formato: Libro
Idioma:French
Publicado: Paris : Université de Paris, [1961?]
Materias:
Etiquetas: Agregar Etiqueta
Sin Etiquetas, Sea el primero en etiquetar este registro!
LEADER 00665nam a22001815a 4500
001 MAT.inmabb001302
008 031122s1961####fr############000#0#fre#d
005 20170815125444.0
245 1 2 |a L'oeuvre mathématique de C. F. Gauss /  |c J. Dieudonné. 
260 |a Paris :  |b Université de Paris,  |c [1961?] 
300 |a 18 p. ;  |c 19 cm. 
500 |a Conférence donneé au Palais de la Découverte le 2 décembre 1961. 
510 4 |a MR,  |c 25 #1096 
100 1 |a Dieudonné, Jean Alexandre,  |d 1906- 
600 1 7 |a Gauss, C. F. 
859 |h 01A55  |i D567  |p A-1531  |b BIB. MATEMATICA 
859 |h 01A55  |i D567  |p A-1532  |t Ej. 2  |b BIB. MATEMATICA 
859 |h 01A55  |i D567  |p A-1533  |t Ej. 3  |b BIB. MATEMATICA